LEADER 01523nam a2200253 4500 001 000000364163 003 CaOOAMICUS 005 20250905113204.0 008 250905s1768 it 000 u ita r 026 $alas- nesi e-t- sufo (3) 1768 (A) 040 $aSeMil$bita 245 10$aNuovo piano, che contiene un più esatto, ed accertato sistema d'amministrazione da eseguirsi in avvenire nell'Ospedale di Vimercate, non solo riguardo al governo, interno di esso, ma anche rapporto alla sovrintendenza generale degl'infermi, ... diviso in due parti ... 264 1$aIn Milano :$bNella Stamperia di Francesco Bolzani,$c1768. 300 $a51, [1] p. ;$c8° 500 $aSegn.: A-C? D² 500 $aFregio xilogr. sul front. 500 $aIniz. xilogr. ornata 700 1 $aBolzani, Francesco,$c.$0(OLS)http://semarc/name/26361 850 $aSeMil 852 $aSeMil$W1$xVenegono$y1$m5B II 38/9 FA$j261497$B255053$CSeMilBibl$Z2$F255053 $8I 961 $aEx libris: Trotti (i.e. Conte Trotti, sovrintendente dell'ospedale alla fine del sec. 18.) 996 $6245$aNuovo piano, che contiene un più esatto, ed accertato sistema d'amministrazione da eseguirsi in avvenire nell'Ospedale di Vimercate, non solo riguardo al governo, interno di esso, ma anche rapporto alla sovrintendenza generale degl'infermi, ... diviso in due parti ...$9(OLS)http://semarc/title/455527 996 $6264$aIn Milano :$bNella Stamperia di Francesco Bolzani$9(OLS)http://semarc/publisher/56757 LEADER 00710nab a2200145 i 4500 001 000000269675 003 CaOOAMICUS 005 20080922000000.0 008 080922n xx uu u0 0und r 013 $a15678 040 $aSeMil$bita 245 13$aLa diaconie, vocation de toute l'Église ; Indifférence religieuse et avenir du christianisme ; La conversion :$b[parte] 1. - 40 p. - Titoli dalla copertina. 500 $aSEPTEMBRE 2008 - 2. quinzane. 773 0 $t[2008.$dParis : Les Éditions du Cerf, 2008.$w()169683 996 $6245$aLa diaconie, vocation de toute l'Église ; Indifférence religieuse et avenir du christianisme ; La conversion :$b[parte] 1. - 40 p. - Titoli dalla copertina.$9(OLS)http://semarc/title/359190